Čítanka pro čtvrtý postupný ročník /

Hlavní autor: Šlajer, Josef, 1913-1974
Další autoři: Pavel, Bohumil, 1912-
Jazyk: Čeština
Vydáno: Praha : Státní pedagogické nakladatelství, 1957
Vydání: 4. vyd.
Edice: Učebnice pro školy všeobecně vzdělávací
Fyzický popis: 417 s.
Knihy
Uloženo v:
LEADER 01015nam a22002772a 4500
001 001437847
003 CZ BrMZK
005 20150414153450.0
007 ta
008 141118s1957 xr a er|||||||||||cze d
015 |a cnb000726379 
035 |a (OCoLC)85458856 
040 |a ABA001  |b cze  |c OSA001  |d BOA001 
100 1 |a Šlajer, Josef,  |d 1913-1974  |7 jk01130425  |4 aut 
245 1 0 |a Čítanka pro čtvrtý postupný ročník /  |c zpracoval Josef Šlajer, Bohumil Pavel ; ilustroval František Kleiner ... [et al.] 
246 3 |a Čítanka pro 4. postupný ročník 
250 |a 4. vyd. 
260 |a Praha :  |b Státní pedagogické nakladatelství,  |c 1957 
300 |a 417 s. 
490 1 |a Učebnice pro školy všeobecně vzdělávací 
700 1 |a Pavel, Bohumil,  |d 1912-  |7 jk01092019  |4 aut 
830 0 |a Učebnice pro školy všeobecně vzdělávací  |0 s 
910 |a BOA001  |b 2-0379.182 
990 |a BK 
991 |b 201411 
996 6 |b 2619143986  |c 2-0379.182  |l MZK  |r Sklad / do 24 hodin  |n 0  |w 001472755  |u 000010  |a 1  |e BOA001  |j MZK50  |s P